000 01317nam a2200241 a 4500
999 _c447217
_d447217
003 BLK
005 20230628140530.0
008 220304b bu |||||r|||| 00| | bu d
040 _aBLK
041 _aBUL
_cBUL
080 _aОбщи проблеми, които влияят върху благосъстоянието - Социални изменения, урбанизация, стопански и технологични промени, изменения в общественото управление - Материални и нематериални проблеми на
_b364.1
_x(497.215)(062)
_z364.1(497.215)(062)
139 _bД 73
245 _aДоклад за териториално-селищната и демографска основа за комплексно обществено обслужване в окръга
_h[Малотир. изд.]
260 _9219284
_aРусе
_bОкр. нар. съвет - Русе
_c1973
300 _a47 с.
_c22 см
_e5 прил.
380 _a3
651 7 _9179464
_aРусенско
653 7 _9180457
_aадминистративно-териториално устройство
653 7 _9197000
_aсоциална демография
852 _bК
_cК 36/Д 73
942 _cKNG
_n0
_s1
_01
944 _aCR
_c2022-03-04
_kА.М.